Normal view
MARC view
- Bilal Shaukat
Entry Personal Name
001 - CONTROL NUMBER
- control field: 47958
003 - CONTROL NUMBER IDENTIFIER
- control field: NUST
005 - DATE AND TIME OF LATEST TRANSACTION
- control field: 20210314133935.0
008 - FIXED-LENGTH DATA ELEMENTS
- fixed length control field: 210314|| aca||aabn | a|a d
040 ## - CATALOGING SOURCE
- Original cataloging agency: NUST
- Transcribing agency: NUST
100 ## - HEADING--PERSONAL NAME
- Personal name: Bilal Shaukat
670 ## - SOURCE DATA FOUND
- Source citation: Work cat.: (NUST): Bilal Shaukat, Computer Aided Design a Single Spain Box Clvert, 13-05-2002
